=LDR 00000nam 2200000 4500 =001 INLIS000000000036775 =005 20140508104449.0 =006 =007 =008 Ind =035 ##$$a 0010-061300000036775 =041 ##$$a Ind =082 ##$$a 613.28 =090 ##$$a 613.28, Hal r =100 ##$$a Hall, Juanna =245 ##$$a Rahasia sukses merampingkan perut, diat pantang karbohidrat setelah jam 5 sore = the no carbe after 5 pin diet, Joanna Hall ; alih bahasa, Suci Purwako, editor, Cherry Nadibroto =260 ##$$a 2006 $b Jakarta =300 ##$$a 223 hlm, ilus, 26 cm =650 ##$$a Diet Karbohidrat rendah =850 ##$$a NBPNMAT